000 01080nam a2200229Ia 4500
999 _c37925
_d37925
001 3904
003 GE_BSU
005 20190816154659.0
008 181216s1980||||ge |||||||||||||| ||geo||
040 _cGE_BSU
041 _ageo
080 _a159.923 ტ–15
100 _aტაბიძე, ოთარ
_93656
245 _aადამიანი - სინამდვილე და ოცნება :
_bფილოსოფიური ანთროპოლოგიის შესავალი; ნაკვ.1 /
_cრედ. ჯიოევი, ო.; ფილოსოფიის ინ-ტი.
264 _a თბ. :
_bმეცნიერება,
_c1980.
300 _a102 გვ. ;
_b21 სმ.
653 _aფილოსოფიური ანთროპოლოგია
653 _aადამიანის ფილოსოფიური საკითხები
700 _aჯიოევი, ო.
_eრედაქტორი
_93593
710 _aფილოსოფიის ინ-ტი.
_93657
942 _cBK
_2udc